| 000 | 01308nas a2200433 4500 | ||
|---|---|---|---|
| 001 | BR0707368 | ||
| 003 | BR-BrBNA | ||
| 005 | 20231205111029.0 | ||
| 007 | ta | ||
| 008 | 230509b bl.|||p| |||| 00| 00por d | ||
| 040 |
_aBR-BrBNA _bpor _cBiblioteca Nacional de Agricultura |
||
| 041 | _a(Pt) | ||
| 072 | _aQ54; L70 | ||
| 100 | 1 | _aBaptista, A.S. | |
| 100 | 1 | _aAbdalla, A.L. | |
| 100 | 1 | _aPires, D. da S. | |
| 100 | 1 | _aZampronio, A.C. | |
| 100 | 1 | _aLouvandini, C.R. | |
| 100 | 1 | _aNascimento Filho, V.F. do | |
| 100 | 1 | _aCalori-Domingues, M.A. | |
| 100 | 1 | _aGlória, E.M. da | |
| 100 | 1 | _aVizioli, M.R. | |
| 100 | 1 | _aHorii, J. | |
| 245 | 1 | _aCapacidade de duas fontes de selênio em reduzir hepatotoxicidez causada pela ingestão de aflatoxinas | |
| 650 | _aRATO BRANCO | ||
| 650 | _aEXPERIÊNCIA DE LABORATÓRIO | ||
| 650 | _aSELÊNIO | ||
| 650 | _aMICROELEMENTO | ||
| 650 | _aINTOXICAÇÃO | ||
| 650 | _aANTIOXIDANTE | ||
| 650 | _aLEVEDO | ||
| 650 | _aFÍGADO | ||
| 650 | _aTOXIDEZ | ||
| 650 | _aAFLATOXINA | ||
| 650 | _aPROPRIEDADE FÍSICO-QUÍMICA | ||
| 773 | 0 |
_tBoletim do Centro de Pesquisa e Processamento de Alimentos (Brazil) _xISSN 0102-0323 _g(Jan-Jun 2007), v. 25(1) p. 103-110 _wBR0707368 |
|
| 909 |
_a202311 _bLúcia _c55 _dLúcia Elande |
||
| 942 |
_2AGRIS _n0 _cANA |
||
| 999 |
_c190263 _d190263 |
||